1606 1997 1622 1014 1484 1634 1792 1992 1451 1421 1950 1272 1504 1635 1305 1389 1229 1463 1349 1292 1579 1326 1044 1296 1526 1120 1389 1914 1416 1913 1565 1632 1687 1646 1572 1869 1863 1523 1512 1403 1536 1513 1917 1817 1974 1053 1031 1333 1780 1755 1916 1504 1817 1686 1845 1367 1612 1305 1305 1861 1853 1819 1599 1603 1130 1731 1981 1825 1261 1126 1599 1487 1372 1739 1915 1958 1513 1652 1928 1491 1612 1102 1457 1389 1437 1824 1007 1246 1102 1057 1585 1785 1791 1210 1690 1775 1923 1894 1805 BCNSPRNW ULIB Ver.6.0+V

เปลี่ยนเป็นภาษาไทย

Change to English
 แสดงรายละเอียดบรรณานุกรม
  กลับหน้าหลัก

Brief Record : Get Marc (ISO 2709) : E-mail record : QR code < ปิดหน้าต่าง
LEADER : 00000nam 2200000uu 4500
001    13399112918
003     ULIB
008    110919s2552||||th 000 0 tha d
020    9786160600304
090    นว.^bฉ512ป
100 0  เฉียวอัน
245 00 ประกายรัก/^cเฉียวอัน
250    พิมพ์ครั้งที่ 1
260    กรุงเทพฯ :^bแจ่มใส,^c2552
300    209 หน้า
710 1  แจ่มใส
945    ^p149^l0^i16296
995    กัณชพร
999     ^aใช้งานได้ทุกระบบ
รายการนี้ยังไม่มีแท็ก
คุณยังไม่ได้ล็อกอิน คุณสามารถมีกิจกรรมร่วมกับเว็บไซต์ได้ แต่ต้องล็อกอินก่อน ::
  ล็อกอิน

รายการสื่อสารสนเทศ

ลำดับที่ ประเภท เลขเรียก/บาร์โค้ด สถานที่ สถานะ
1. นวนิยาย
นวนิยาย
นว. ฉ512ป  
  Barcode: 16296
ห้องสมุดวิทยาเขตสวรรค์ประชารักษ์
►นวนิยาย
บนชั้น
  ขอยืม

รายการใกล้เคียง
    ผู้แต่ง [เฉียวอัน]

BibComment


ยังไม่เคยถูกคอมเมนท์

คอมเมนท์ทรัพยากรรายการนี้
  คอมเมนท์: ประกายรัก เฉียวอัน


 Copyright 2026. Bcnsprnw @Library